[Event "4NCL Online Division 7"]
[Site "online"]
[Date "2021.02.23"]
[EventDate "2021.02.23"]
[Round "3.121"]
[White "Doyle, Jamie"]
[WhiteElo "1602"]
[WhiteTeam "Wessex Some Stars F"]
[Black "Sugden, Freddie"]
[BlackElo "1863"]
[BlackTeam "Hackney Go Lucky"]
[Result "1-0"]
[PlyCount "89"]

1. e4 e5 2. Nf3 Nc6 3. Bc4 Nf6 4. Nc3 Nxe4 5. Bxf7+ Kxf7 6. Nxe4 d5 7. Ng3 e4 8. Ng1 Bc5 9. N1e2 Rf8 10. d4 Bd6 11. O-O Kg8 12. Be3 Qh4 13. Qd2 h6 14. f4 exf3 15. Rxf3 Rxf3 16. gxf3 Bh3 17. f4 Rf8 18. Rc1 Ne7 19. c4 dxc4 20. Rxc4 Nd5 21. a3 Re8 22. Bf2 Nxf4 23. Nxf4 Bxf4 24. Qb4 Be6 25. d5 Bxd5 26. Rxf4 Qh3 27. Ne4 c5 28. Bxc5 a5 29. Qc3 Qxc3 30. Nxc3 Re1+ 31. Rf1 Re5 32. Nxd5 Rxd5 33. Bb6 Rb5 34. Bd4 Rg5+ 35. Kf2 Rh5 36. Kg3 Rd5 37. Bc3 g5 38. Kg4 a4 39. Kh5 Rd6 40. Rf6 Rxf6 41. Bxf6 Kh7 42. Bxg5 hxg5 43. Kxg5 b5 44. Kf5 Kh6 45. Ke5 1-0

[Event "4NCL Online Division 7"]
[Site "online"]
[Date "2021.02.23"]
[EventDate "2021.02.23"]
[Round "3.122"]
[White "Rosenbaum, Danny"]
[WhiteElo "1723"]
[WhiteTeam "Hackney Go Lucky"]
[Black "Deacon, Matthew"]
[BlackElo "1559"]
[BlackTeam "Wessex Some Stars F"]
[Result "0-1"]
[PlyCount "92"]

1. e4 c5 2. Nf3 d6 3. d4 cxd4 4. Nxd4 Nf6 5. Nc3 g6 6. Be3 Bg7 7. f3 O-O 8. Qd2 Nc6 9. O-O-O Bd7 10. g4 Qa5 11. Kb1 Rac8 12. Nxc6 Rxc6 13. Nd5 Qd8 14. Bb5 Rc8 15. Bxd7 Nxd7 16. Bh6 Ne5 17. Bxg7 Kxg7 18. Qd4 Kg8 19. h3 Qd7 20. f4 Rc4 21. Qxa7 Ra4 22. Qf2 Nc4 23. b3 Na3+ 24. Kb2 Raa8 25. Nb6 Qb5 26. Nxa8 Rxa8 27. Qd4 Qa5 28. Qd5 Nb5 29. a4 Qc3+ 30. Kc1 Qa1+ 31. Kd2 Qc3+ 32. Ke2 Qxc2+ 33. Qd2 Qxe4+ 34. Kf2 Na7 35. Rhe1 Qc6 36. Rxe7 Qc5+ 37. Kg3 Rd8 38. Qe3 Qb4 39. Qxa7 Qxb3+ 40. Qe3 Qxd1 41. Re8+ Rxe8 42. Qxe8+ Kg7 43. Qe4 Qb3+ 44. Kh4 Qe6 45. Qxb7 Qe1+ 46. Kg5 h6# 0-1

[Event "4NCL Online Division 7"]
[Site "online"]
[Date "2021.02.23"]
[EventDate "2021.02.23"]
[Round "3.123"]
[White "Bucchi, Andrea"]
[WhiteElo "1559"]
[WhiteTeam "Wessex Some Stars F"]
[Black "Jones, Zebedee"]
[BlackElo "1635"]
[BlackTeam "Hackney Go Lucky"]
[Result "1/2-1/2"]
[PlyCount "124"]

1. e4 c5 2. c3 Nf6 3. e5 Nd5 4. d4 cxd4 5. cxd4 Nc6 6. Nf3 d6 7. Bc4 Nb6 8. Bb3 dxe5 9. dxe5 Qxd1+ 10. Bxd1 Bg4 11. Bf4 e6 12. Nc3 a6 13. a3 Be7 14. Be2 Rd8 15. Rd1 O-O 16. O-O Nd7 17. Rfe1 Bf5 18. Rd2 Nc5 19. Rxd8 Rxd8 20. Rd1 Nd3 21. Bxd3 Rxd3 22. Rxd3 Bxd3 23. Ne1 Bg6 24. Bg3 f6 25. f4 Bc5+ 26. Bf2 Bxf2+ 27. Kxf2 fxe5 28. fxe5 Nxe5 29. g3 Nd3+ 30. Nxd3 Bxd3 31. Ke3 Bc4 32. Na4 Bd5 33. Kd4 Kf7 34. Ke5 Ke7 35. Nc5 g5 36. h4 gxh4 37. gxh4 h5 38. Nd3 Bf3 39. Nf4 Bg4 40. b4 b5 41. Nd3 Be2 42. Nc5 Bc4 43. Nxa6 Bd5 44. Nc5 Bc4 45. a4 bxa4 46. Nxa4 Bb5 47. Nc5 Bc4 48. Ne4 Bb5 49. Ng5 Bc4 50. Nh3 Be2 51. Nf4 Bg4 52. b5 Kd7 53. b6 Kc6 54. Nxe6 Kxb6 55. Nf4 Kc7 56. Kf6 Kd8 57. Kg5 Ke8 58. Nd5 Kf7 59. Nf6 Kg7 60. Ne8+ Kh7 61. Nf6+ Kg7 62. Nxh5+ Bxh5 1/2-1/2

[Event "4NCL Online Division 7"]
[Site "online"]
[Date "2021.02.23"]
[EventDate "2021.02.23"]
[Round "3.124"]
[White "Wouters, Olivier"]
[WhiteElo "1400"]
[WhiteTeam "Hackney Go Lucky"]
[Black "Peacock, Christopher D"]
[BlackElo "1495"]
[BlackTeam "Wessex Some Stars F"]
[Result "0-1"]
[PlyCount "104"]

1. e4 e6 2. d4 d5 3. e5 c5 4. c3 Nc6 5. Nf3 Qc7 6. Bf4 f6 7. Bb5 a6 8. Ba4 b5 9. Bc2 g5 10. Bg3 g4 11. exf6 Bd6 12. f7+ Qxf7 13. Ng5 Qc7 14. Bxd6 Qxd6 15. Qxg4 Nf6 16. Qh4 Qe7 17. Bg6+ Kd7 18. Nd2 Bb7 19. Bc2 h6 20. Ngf3 Rag8 21. O-O Rg4 22. Qh3 cxd4 23. cxd4 Qg7 24. a4 Rg8 25. g3 Nxd4 26. Ne5+ Kd6 27. Nxg4 Nxc2 28. Nxf6 Nxa1 29. Nxg8 Qxg8 30. Rxa1 Qg5 31. Nf3 Qf6 32. Ra3 Qxb2 33. Re3 Qa1+ 34. Kg2 Qf6 35. axb5 axb5 36. Qh5 d4 37. Qe5+ Qxe5 38. Rxe5 Bxf3+ 39. Kxf3 Kxe5 40. Ke2 Kd5 41. Kd3 e5 42. h4 e4+ 43. Kd2 b4 44. g4 b3 45. Kc1 e3 46. fxe3 dxe3 47. g5 b2+ 48. Kxb2 e2 49. gxh6 e1=Q 50. h7 Qxh4 51. h8=Q Qxh8+ 52. Kc2 Qh3 0-1

[Event "4NCL Online Division 7"]
[Site "online"]
[Date "2021.02.23"]
[EventDate "2021.02.23"]
[Round "3.131"]
[White "Kanellopoulos, Panayotis"]
[WhiteElo "2278"]
[WhiteTeam "Colchester JFF A"]
[Black "Hayden, Luke"]
[BlackElo "1636"]
[BlackTeam "Wolfpack 2"]
[Result "1/2-1/2"]
[PlyCount "89"]

1. c4 e5 2. g3 Nf6 3. Bg2 d5 4. cxd5 Nxd5 5. Nc3 Nb6 6. Nf3 Nc6 7. a3 a5 8. d3 Be7 9. O-O g5 10. Be3 g4 11. Nd2 h5 12. Nc4 Nxc4 13. dxc4 Qxd1 14. Raxd1 Be6 15. Nd5 O-O-O 16. Rc1 Rhe8 17. Rfd1 f5 18. Kf1 a4 19. Bd2 Bc5 20. Bc3 Nd4 21. Bb4 Bxb4 22. axb4 Nb3 23. Rc3 e4 24. Ke1 Bxd5 25. cxd5 Re5 26. d6 c6 27. Rc4 Re6 28. b5 Rexd6 29. Rxd6 Rxd6 30. Rxa4 Nd4 31. Ra8+ Kc7 32. e3 Nxb5 33. Bf1 Rd8 34. Rxd8 Kxd8 35. Bxb5 cxb5 36. Kd2 Kd7 37. Kc3 Kc6 38. Kd4 Kd6 39. b3 b6 40. b4 Ke6 41. Kc3 Kd5 42. Kb3 Ke6 43. Kc3 Kd5 44. Kb3 Ke6 45. Kc3 1/2-1/2

[Event "4NCL Online Division 7"]
[Site "online"]
[Date "2021.02.23"]
[EventDate "2021.02.23"]
[Round "3.132"]
[White "Smith, Mark"]
[WhiteElo "1607"]
[WhiteTeam "Wolfpack 2"]
[Black "Popovici, Rees"]
[BlackElo "1661"]
[BlackTeam "Colchester JFF A"]
[Result "1-0"]
[PlyCount "41"]

1. e4 e5 2. f4 f5 3. exf5 d6 4. Qh5+ Ke7 5. fxe5 dxe5 6. Bc4 Qe8 7. Qh4+ Nf6 8. d4 Qc6 9. d5 Qc5 10. b3 b5 11. Nf3 Qd6 12. Ba3 b4 13. Bb2 Bxf5 14. Bxe5 Qb6 15. Bd4 c5 16. dxc6 Qxc6 17. O-O Kd8 18. Ne5 Qe4 19. Nf7+ Kc8 20. Qxe4 Bxe4 21. Nxh8 1-0

[Event "4NCL Online Division 7"]
[Site "online"]
[Date "2021.02.23"]
[EventDate "2021.02.23"]
[Round "3.133"]
[White "Catabay, Mae Katelyn Rose"]
[WhiteElo "1565"]
[WhiteTeam "Colchester JFF A"]
[Black "Wootton, Stephen G"]
[BlackElo "1591"]
[BlackTeam "Wolfpack 2"]
[Result "0-1"]
[PlyCount "72"]

1. d4 Nf6 2. c4 g6 3. Nc3 Bg7 4. e4 d6 5. Nf3 O-O 6. Be3 e5 7. d5 a5 8. Bd3 Na6 9. O-O Bd7 10. Qd2 Ng4 11. h3 Nxe3 12. fxe3 Nc5 13. Bc2 f5 14. exf5 gxf5 15. Qf2 e4 16. Nd4 Qg5 17. Nce2 Be5 18. Nf4 Bxd4 19. exd4 Na4 20. Bxa4 Bxa4 21. Ne6 e3 22. Qe2 Qh6 23. Nxf8 Rxf8 24. b3 Bd7 25. Rae1 f4 26. Qf3 Qg7 27. Qe4 Bxh3 28. Kh1 f3 29. g4 Bxf1 30. Rxf1 Qh6+ 31. Kg1 Qf4 32. Qxf4 Rxf4 33. Rc1 Rxg4+ 34. Kf1 Rxd4 35. Re1 Re4 36. Rc1 h5 0-1

[Event "4NCL Online Division 7"]
[Site "online"]
[Date "2021.02.23"]
[EventDate "2021.02.23"]
[Round "3.134"]
[White "Pratley, Ian"]
[WhiteElo "1571"]
[WhiteTeam "Wolfpack 2"]
[Black "Kanellopoulos, Nikolas"]
[BlackElo "1531"]
[BlackTeam "Colchester JFF A"]
[Result "1/2-1/2"]
[PlyCount "55"]

1. f4 d5 2. e3 Nf6 3. Nf3 Nc6 4. Bb5 Bd7 5. Bxc6 Bxc6 6. O-O e6 7. b3 Bc5 8. Bb2 O-O 9. d4 Bb6 10. a4 a6 11. Ne5 Bd7 12. Ba3 Re8 13. Nd2 Rc8 14. Rc1 c5 15. dxc5 Bxc5 16. Bxc5 Rxc5 17. c4 dxc4 18. Rxc4 Rxc4 19. Ndxc4 Bc6 20. Nxc6 bxc6 21. Ne5 c5 22. Qc2 Qb6 23. Rd1 Nd5 24. Nc4 Qb4 25. Kf2 Rb8 26. Rb1 Qc3 27. Qd1 h6 28. g3 1/2-1/2

[Event "4NCL Online Division 7"]
[Site "online"]
[Date "2021.02.23"]
[EventDate "2021.02.23"]
[Round "3.141"]
[White "Poghosyan, Jake"]
[WhiteElo "1415"]
[WhiteTeam "KCJS 2"]
[Black "O'Gorman, Alice"]
[BlackElo "1916"]
[BlackTeam "RCSI Team 1"]
[Result "0-1"]
[PlyCount "58"]

1. Nf3 d5 2. d4 c6 3. c4 e6 4. Nc3 dxc4 5. e4 b5 6. a4 Bb4 7. Bd2 a5 8. axb5 Bxc3 9. Bxc3 cxb5 10. Be2 Bb7 11. Qc2 Nf6 12. e5 Nd5 13. O-O O-O 14. Bd2 h6 15. Rfe1 Nc6 16. Bf1 Nde7 17. Qc3 Nf5 18. Be3 Qd7 19. Red1 Nce7 20. Rxa5 Bxf3 21. gxf3 Nd5 22. Qa3 Rxa5 23. Qxa5 Ndxe3 24. fxe3 Nxe3 25. Rb1 Qxd4 26. Kh1 Nxf1 27. Rxf1 Qxb2 28. Qe1 Ra8 29. Qe4 Ra2 0-1

[Event "4NCL Online Division 7"]
[Site "online"]
[Date "2021.02.23"]
[EventDate "2021.02.23"]
[Round "3.142"]
[White "Singh, Mahendra"]
[WhiteElo "1872"]
[WhiteTeam "RCSI Team 1"]
[Black "Singh, Hari"]
[BlackElo "1404"]
[BlackTeam "KCJS 2"]
[Result "1-0"]
[PlyCount "49"]

1. Nf3 d5 2. d3 c5 3. g3 Nc6 4. Bg2 Nf6 5. O-O g6 6. Nc3 Bg7 7. e4 d4 8. Ne2 e5 9. h3 Bd7 10. Kh2 Qc8 11. Nh4 g5 12. Bxg5 h6 13. Bd2 Nh7 14. f4 Rf8 15. c3 b5 16. cxd4 cxd4 17. Rc1 Qd8 18. Nf5 Bxf5 19. exf5 Ne7 20. Bxa8 Qxa8 21. fxe5 Bxe5 22. Bf4 Bxf4 23. Rxf4 Ng5 24. Qh1 Qxh1+ 25. Rxh1 1-0

[Event "4NCL Online Division 7"]
[Site "online"]
[Date "2021.02.23"]
[EventDate "2021.02.23"]
[Round "3.143"]
[White "Buanne, Giulio"]
[WhiteElo "1277"]
[WhiteTeam "KCJS 2"]
[Black "Elhadi, Aymen"]
[BlackElo "1853"]
[BlackTeam "RCSI Team 1"]
[Result "0-1"]
[PlyCount "48"]

1. e4 c5 2. Nf3 d6 3. Bb5+ Bd7 4. Bxd7+ Nxd7 5. O-O Ngf6 6. Re1 g6 7. d3 Bg7 8. c3 O-O 9. d4 cxd4 10. cxd4 e5 11. Nc3 Re8 12. Bg5 Qb6 13. Rb1 exd4 14. Nxd4 Nxe4 15. Nxe4 Bxd4 16. Bf4 d5 17. Qd3 dxe4 18. Rxe4 Rxe4 19. Qxe4 Nf6 20. Qe2 Re8 21. Qd2 Ne4 22. Qe2 Bxf2+ 23. Kh1 Ng3+ 24. hxg3 Rxe2 0-1

[Event "4NCL Online Division 7"]
[Site "online"]
[Date "2021.02.23"]
[EventDate "2021.02.23"]
[Round "3.144"]
[White "Snip, Peyton"]
[WhiteElo "1678"]
[WhiteTeam "RCSI Team 1"]
[Black "Ali, Shahyan"]
[BlackElo "1247"]
[BlackTeam "KCJS 2"]
[Result "0-1"]
[PlyCount "114"]

1. e4 e5 2. Nf3 Nc6 3. Bc4 Bc5 4. b4 Bxb4 5. c3 Bc5 6. d4 exd4 7. cxd4 Bb4+ 8. Nbd2 Bxd2+ 9. Bxd2 d6 10. Qb3 h6 11. Bxf7+ Kf8 12. Bg6 Qf6 13. Bf5 b6 14. O-O Nxd4 15. Nxd4 Qxd4 16. Bg6 Qf6 17. Qd5 Rb8 18. Bh5 Be6 19. Qc6 Ne7 20. Qxc7 Ra8 21. Bf3 Rc8 22. Qxd6 Bc4 23. Qxf6+ gxf6 24. Rfe1 Rg8 25. Bxh6+ Kf7 26. Bh5+ Ke6 27. h3 Kd6 28. Bf4+ Kc6 29. Rac1 Kb7 30. Bg4 Rxg4 31. hxg4 Bxa2 32. Rxc8 Kxc8 33. Ra1 Be6 34. Rxa7 Nc6 35. Rf7 Bxf7 36. Kf1 Kb7 37. g5 fxg5 38. Bxg5 b5 39. Bc1 b4 40. Ke1 Kb6 41. Bb2 Ka5 42. e5 Ka4 43. Kd1 Kb3 44. Kc1 Be6 45. g3 Na5 46. f3 Nb7 47. g4 Nc5 48. g5 Nd3+ 49. Kb1 Nxb2 50. g6 Bf5+ 51. Kc1 Bxg6 52. e6 Nc4 53. f4 Ka2 54. f5 Be8 55. f6 Nd6 56. f7 Bxf7 57. exf7 Nxf7 0-1

[Event "4NCL Online Division 7"]
[Site "online"]
[Date "2021.02.23"]
[EventDate "2021.02.23"]
[Round "3.151"]
[White "Clarke, Emmet"]
[WhiteElo "1503"]
[WhiteTeam "Redbridge All Sorts 4"]
[Black "Emelianova, Maria"]
[BlackElo "2113"]
[BlackTeam "Battersea Cats"]
[Result "0-1"]
[PlyCount "134"]

1. d4 Nf6 2. c4 g6 3. Nc3 Bg7 4. e4 d6 5. Nf3 O-O 6. Be2 e5 7. O-O Bg4 8. d5 a5 9. Be3 Nh5 10. g3 f5 11. Ng5 Bxe2 12. Qxe2 f4 13. Ne6 Qe7 14. Nxf8 Qxf8 15. Bd2 Nd7 16. Rac1 Nc5 17. b3 Qe7 18. Rcd1 Rf8 19. Kh1 Bh6 20. Rg1 f3 21. Qf1 Bxd2 22. Rxd2 Qg5 23. Qc1 Nf6 24. Re1 Qh5 25. Re3 Ng4 26. Qg1 Nxe3 27. fxe3 Qg4 28. Rf2 Nxe4 29. Nxe4 Qxe4 30. Qe1 g5 31. Kg1 h5 32. h3 Qf5 33. Kh2 Qe4 34. Kg1 b6 35. Kh2 h4 36. g4 Qg6 37. Qf1 e4 38. Qa1 Qg7 39. Qxg7+ Kxg7 40. Kg1 Kf6 41. Kf1 Ke7 42. Ke1 Kd7 43. Kd2 c6 44. Kc3 c5 45. a4 Ke7 46. Kd2 Kf6 47. Kc3 Ke5 48. Kd2 Ra8 49. Kc3 Ra7 50. Ra2 Rf7 51. Rf2 Rf8 52. Kc2 Ra8 53. Kc3 b5 54. axb5 a4 55. bxa4 Rxa4 56. Kb3 Rb4+ 57. Kc3 Kf6 58. Rc2 Ke7 59. Rf2 Rb1 60. Kc2 Rg1 61. Kd2 Rh1 62. Kc3 Kd7 63. b6 Kc8 64. b7+ Kxb7 65. Rb2+ Kc7 66. Ra2 Rc1+ 67. Kd2 f2 0-1

[Event "4NCL Online Division 7"]
[Site "online"]
[Date "2021.02.23"]
[EventDate "2021.02.23"]
[Round "3.152"]
[White "Valentine, Tim"]
[WhiteElo "1794"]
[WhiteTeam "Battersea Cats"]
[Black "Wang, Luoke"]
[BlackElo "1446"]
[BlackTeam "Redbridge All Sorts 4"]
[Result "0-1"]
[PlyCount "62"]

1. e4 c5 2. Nf3 d6 3. d4 cxd4 4. Nxd4 Nf6 5. Nc3 g6 6. Be3 Bg7 7. f3 O-O 8. Qd2 Nc6 9. O-O-O d5 10. exd5 Nxd5 11. Nxc6 bxc6 12. Bd4 e5 13. Bc5 Be6 14. Ne4 Re8 15. h4 h6 16. h5 g5 17. g3 f5 18. Nd6 Re7 19. Bd3 f4 20. Ne4 Rb7 21. c3 Rab8 22. b3 Bf8 23. Qc2 Bf5 24. Bxf8 Qxf8 25. Bc4 Rd8 26. g4 Bh7 27. Qb2 Kh8 28. Bxd5 cxd5 29. Nc5 Qxc5 30. Rhe1 Qc7 31. Qa3 Qxc3# 0-1

[Event "4NCL Online Division 7"]
[Site "online"]
[Date "2021.02.23"]
[EventDate "2021.02.23"]
[Round "3.153"]
[White "White, Nigel"]
[WhiteElo "1414"]
[WhiteTeam "Redbridge All Sorts 4"]
[Black "Morales, Joel R"]
[BlackElo "1600"]
[BlackTeam "Battersea Cats"]
[Result "0-1"]
[PlyCount "154"]

1. e4 d6 2. d4 Nf6 3. Nc3 g6 4. Be3 Ng4 5. Bg5 h6 6. Bh4 g5 7. Bg3 Nf6 8. h3 Bg7 9. Bc4 c6 10. Nge2 b5 11. Bd3 O-O 12. O-O Na6 13. a3 Nc7 14. f4 g4 15. h4 Nh5 16. Bh2 a6 17. e5 Nd5 18. Nxd5 cxd5 19. g3 dxe5 20. fxe5 Qb6 21. Kg2 f6 22. exf6 Nxf6 23. c3 Qd6 24. Qc2 e5 25. dxe5 Qxe5 26. Nf4 Qd6 27. Bh7+ Nxh7 28. Bg1 Bf5 29. Qb3 Be4+ 30. Kh2 Nf6 31. Rad1 Qc6 32. Ne2 Bf3 33. Nd4 Qc4 34. Qxc4 dxc4 35. Nxf3 gxf3 36. Rxf3 Ng4+ 37. Kg2 h5 38. Rdf1 Rxf3 39. Rxf3 Kh7 40. Rf7 Kg6 41. Rd7 Be5 42. Bc5 Kf5 43. Rf7+ Ke4 44. Rh7 Nf6 45. Re7 Kf5 46. Bf2 Ne4 47. Rf7+ Kg6 48. Re7 Kf6 49. Rh7 Nxf2 50. Kxf2 Kg6 51. Re7 Bf6 52. Re6 Kf5 53. Re3 Rg8 54. Rf3+ Ke6 55. Re3+ Kd6 56. Rf3 Be5 57. Kg2 Rg6 58. Kh3 Kd5 59. Re3 Rf6 60. Kg2 Rg6 61. Kh3 Rf6 62. Kg2 Bd6 63. Kh3 Bc5 64. Re8 Bd6 65. Re3 Rf2 66. g4 hxg4+ 67. Kxg4 Rxb2 68. Rf3 Bxa3 69. Rf5+ Ke4 70. h5 Rc2 71. Rf3 Rg2+ 72. Rg3 Rxg3+ 73. Kxg3 Bc1 74. Kg4 Kd3 75. Kf5 Kxc3 76. Kg6 b4 77. h6 Bxh6 0-1

[Event "4NCL Online Division 7"]
[Site "online"]
[Date "2021.02.23"]
[EventDate "2021.02.23"]
[Round "3.154"]
[White "Rebbeck, Christopher"]
[WhiteElo "1451"]
[WhiteTeam "Battersea Cats"]
[Black "Segat, Davide"]
[BlackElo "1292"]
[BlackTeam "Redbridge All Sorts 4"]
[Result "1-0"]
[PlyCount "57"]

1. e4 c5 2. Nf3 d6 3. Nc3 Nf6 4. d4 cxd4 5. Nxd4 g6 6. Bd3 a6 7. O-O b5 8. Nd5 Nxd5 9. exd5 Bb7 10. Qf3 Qb6 11. Be3 Qc7 12. Rac1 e5 13. Rfe1 Bg7 14. Ne2 O-O 15. c4 bxc4 16. Rxc4 Qe7 17. Rec1 Nd7 18. Rc7 Rab8 19. Qg4 f5 20. Qa4 Rfd8 21. Ba7 Bh6 22. R1c4 Rbc8 23. Rxb7 Rxc4 24. Bxc4 Qg5 25. Rxd7 Rxd7 26. Qxd7 Bf8 27. Qe6+ Kh8 28. Be3 f4 29. Nxf4 1-0

[Event "4NCL Online Division 7"]
[Site "online"]
[Date "2021.02.23"]
[EventDate "2021.02.23"]
[Round "3.161"]
[White "Wylie, Steve"]
[WhiteElo "1755"]
[WhiteTeam "Devana Corieltauvorum"]
[Black "Holyhead, James"]
[BlackElo "1473"]
[BlackTeam "Shropshire 6"]
[Result "1/2-1/2"]
[PlyCount "43"]

1. d4 Nf6 2. Bf4 d5 3. e3 c5 4. c3 Nc6 5. Nd2 Bf5 6. Ngf3 h6 7. Be2 Qb6 8. Qb3 c4 9. Qxb6 axb6 10. O-O e6 11. Ne5 Be7 12. h3 b5 13. a3 O-O 14. g4 Bh7 15. h4 Nxe5 16. Bxe5 Nd7 17. Bg3 Ra6 18. Nf3 Rfa8 19. g5 h5 20. Ne5 Nxe5 21. Bxe5 Bg6 22. Rac1 1/2-1/2

[Event "4NCL Online Division 7"]
[Site "online"]
[Date "2021.02.23"]
[EventDate "2021.02.23"]
[Round "3.163"]
[White "Harrison, Peter K"]
[WhiteElo "1683"]
[WhiteTeam "Devana Corieltauvorum"]
[Black "Pritchard, Andrew"]
[BlackElo "1400"]
[BlackTeam "Shropshire 6"]
[Result "0-1"]
[PlyCount "116"]

1. d4 g6 2. c4 d6 3. Nc3 Bg7 4. e4 e6 5. Nf3 Nc6 6. Be2 Nge7 7. Bg5 f6 8. Be3 b6 9. Qd2 Bb7 10. a3 Qd7 11. d5 Na5 12. Qc2 Ba6 13. Nd2 f5 14. b4 exd5 15. exd5 Nxd5 16. cxd5 f4 17. Bxf4 Bxe2 18. Kxe2 Qg4+ 19. Kf1 Qxf4 20. Re1+ Kd7 21. bxa5 b5 22. Nce4 Rae8 23. Rc1 c5 24. dxc6+ Kc7 25. Qd3 a6 26. Re1 Rhf8 27. Qe3 Qxe3 28. Rxe3 d5 29. Rh3 dxe4 30. Ke2 h5 31. Rd1 Bd4 32. Rf1 Kxc6 33. Nb3 Bb2 34. Rd1 Rc8 35. Rg3 Rf6 36. Rd2 Be5 37. Rg5 Bf4 38. Rc5+ Kb7 39. Rd7+ Kb8 40. Rxc8+ Kxc8 41. Rd5 Bxh2 42. Ke3 Bg1 43. Kxe4 Bxf2 44. Nd4 Bxd4 45. Kxd4 Kc7 46. Rg5 Kd7 47. Ke4 Ke7 48. Rc5 Kf7 49. Rc7+ Kg8 50. Ke5 Rf5+ 51. Ke6 Rf2 52. Rd7 Rxg2 53. Kf6 h4 54. Rd4 h3 55. Rh4 h2 56. Ke5 g5 57. Rh3 g4 58. Rh4 g3 0-1

[Event "4NCL Online Division 7"]
[Site "online"]
[Date "2021.02.23"]
[EventDate "2021.02.23"]
[Round "3.164"]
[White "Casewell, John M"]
[WhiteElo "1305"]
[WhiteTeam "Shropshire 6"]
[Black "Twigg, James"]
[BlackElo "1650"]
[BlackTeam "Devana Corieltauvorum"]
[Result "0-1"]
[PlyCount "124"]

1. c4 e5 2. Nc3 Nf6 3. g3 Bb4 4. Bg2 O-O 5. e3 Bxc3 6. bxc3 d5 7. cxd5 Nxd5 8. Ne2 Be6 9. Rb1 b6 10. O-O Nd7 11. a3 c5 12. e4 N5f6 13. h3 c4 14. Qc2 Nc5 15. f4 Qd6 16. fxe5 Qxe5 17. Nf4 Bd7 18. d4 cxd3 19. Nxd3 Nxd3 20. Qxd3 Rfd8 21. Qe3 Bc6 22. Re1 Re8 23. Bb2 Qc7 24. e5 Bxg2 25. Kxg2 Re6 26. Re2 h6 27. Qf3 Rae8 28. Rbe1 Nd7 29. Qf4 Nxe5 30. c4 Qc6+ 31. Qe4 Qxe4+ 32. Rxe4 Nxc4 33. Rxe6 Rxe6 34. Rxe6 fxe6 35. Bc1 Kf7 36. Kf3 e5 37. Ke4 Ke6 38. g4 Nd6+ 39. Kd3 a5 40. a4 Kd5 41. Ba3 g6 42. h4 h5 43. gxh5 gxh5 44. Bc1 Nf5 45. Bg5 e4+ 46. Ke2 Kd4 47. Bd8 Kc5 48. Bg5 Kb4 49. Be3 Kxa4 50. Bxb6 Kb4 51. Bc7 a4 52. Be5 Kb3 53. Bf6 Kc2 54. Be5 a3 55. Bf6 a2 56. Be5 Kb1 57. Bf6 a1=Q 58. Bxa1 Kxa1 59. Kf2 Kb2 60. Ke2 Kc2 61. Kf2 Kd2 62. Kf1 e3 0-1

[Event "4NCL Online Division 7"]
[Site "online"]
[Date "2021.02.23"]
[EventDate "2021.02.23"]
[Round "3.171"]
[White "Boyd, Chris"]
[WhiteElo "1833"]
[WhiteTeam "Newport B"]
[Black "Ivan, Austin"]
[BlackElo "1660"]
[BlackTeam "Harrow 4"]
[Result "0-1"]
[PlyCount "72"]

1. e4 c5 2. b3 e6 3. Bb2 a6 4. a4 d5 5. exd5 exd5 6. Nf3 Nf6 7. Be2 Be7 8. O-O O-O 9. d4 cxd4 10. Nxd4 Nc6 11. Nd2 Be6 12. f4 Nxd4 13. Bxd4 Bf5 14. g4 Be4 15. g5 Nd7 16. Bf3 Bxf3 17. Qxf3 Nc5 18. Rae1 Ne6 19. Ba1 b5 20. Re5 Qb6+ 21. Kh1 Rad8 22. Rxd5 Rxd5 23. Qxd5 Rd8 24. Qg2 Qe3 25. Ne4 Nxf4 26. Rxf4 Qxf4 27. Qe2 Qc1+ 28. Kg2 Qxa1 29. axb5 axb5 30. Qxb5 Qd4 31. Qb7 Qd7 32. Qb6 Qg4+ 33. Ng3 Rd2+ 34. Kg1 Qd1+ 35. Nf1 Qg4+ 36. Ng3 Qd4+ 0-1

[Event "4NCL Online Division 7"]
[Site "online"]
[Date "2021.02.23"]
[EventDate "2021.02.23"]
[Round "3.172"]
[White "Gurjar, Siena"]
[WhiteElo "1455"]
[WhiteTeam "Harrow 4"]
[Black "Addis, Joseph"]
[BlackElo "1825"]
[BlackTeam "Newport B"]
[Result "0-1"]
[PlyCount "72"]

1. e4 c6 2. d4 d5 3. exd5 cxd5 4. Bd3 Nc6 5. Nf3 Bg4 6. c3 Qc7 7. Be3 e6 8. O-O Bd6 9. h3 Bh5 10. Nbd2 Nge7 11. Re1 h6 12. Rc1 O-O 13. b3 Ba3 14. Rb1 a5 15. c4 Nb4 16. Bc2 Nxa2 17. Ra1 Nc3 18. Rxa3 Nxd1 19. Rxd1 dxc4 20. bxc4 Bg6 21. Bxg6 Nxg6 22. c5 Ne7 23. Ne4 Nf5 24. Ne5 Rfd8 25. Rdd3 f6 26. Ng6 Kf7 27. Nf4 e5 28. dxe5 fxe5 29. Rxd8 Rxd8 30. Ne2 Nd4 31. Nd6+ Rxd6 32. cxd6 Nxe2+ 33. Kf1 Qxd6 34. Ra1 Qd3 35. Ke1 Nc3 36. Ra2 Qd1# 0-1

[Event "4NCL Online Division 7"]
[Site "online"]
[Date "2021.02.23"]
[EventDate "2021.02.23"]
[Round "3.173"]
[White "Thomas, Clive"]
[WhiteElo "1770"]
[WhiteTeam "Newport B"]
[Black "Patel, Krrish"]
[BlackElo "1411"]
[BlackTeam "Harrow 4"]
[Result "0-1"]
[PlyCount "70"]

1. d4 Nf6 2. c4 g6 3. Nc3 Bg7 4. g3 O-O 5. Bg2 c6 6. e3 e6 7. Nge2 d5 8. b3 Nbd7 9. Bb2 dxc4 10. bxc4 Nb6 11. Qb3 Re8 12. O-O a5 13. a4 Qc7 14. Rfd1 Rd8 15. Rac1 h5 16. h4 Bd7 17. Ba3 Bc8 18. Rb1 Nbd7 19. d5 exd5 20. cxd5 Ne5 21. dxc6 bxc6 22. Nd4 Bd7 23. Qb7 Qc8 24. Qxc8 Raxc8 25. Rb7 c5 26. Ndb5 Nc4 27. e4 Bxb5 28. Rxd8+ Rxd8 29. Nxb5 Rd1+ 30. Kh2 Ng4+ 31. Kh3 Nxf2+ 32. Kh2 Ng4+ 33. Kh3 Nce3 34. Bxc5 Nf2+ 35. Kh2 Neg4# 0-1

[Event "4NCL Online Division 7"]
[Site "online"]
[Date "2021.02.23"]
[EventDate "2021.02.23"]
[Round "3.174"]
[White "Laza, Andrei"]
[WhiteElo "1227"]
[WhiteTeam "Harrow 4"]
[Black "Carter, Neil"]
[BlackElo "1740"]
[BlackTeam "Newport B"]
[Result "0-1"]
[PlyCount "82"]

1. b3 Nf6 2. Bb2 d5 3. e3 c5 4. f4 Nc6 5. Bb5 a6 6. Bxc6+ bxc6 7. Nf3 g6 8. O-O Bg7 9. d3 O-O 10. Nbd2 Qb6 11. Qe1 a5 12. a4 Rd8 13. Qg3 Nh5 14. Qg5 Bxb2 15. Rab1 Bf6 16. Qh6 Bg7 17. Qg5 Qc7 18. Qh4 Bf6 19. Qe1 Bg4 20. h3 Bxf3 21. Nxf3 e5 22. g4 e4 23. gxh5 exf3 24. hxg6 hxg6 25. Rxf3 Kg7 26. Qg3 Rh8 27. f5 Qxg3+ 28. Rxg3 Rh5 29. fxg6 fxg6 30. Rf1 Rf8 31. Rg4 Rg5 32. Rxg5 Bxg5 33. Rxf8 Kxf8 34. Kf2 Ke7 35. Kf3 Ke6 36. e4 Ke5 37. exd5 cxd5 38. c3 Bd2 39. c4 dxc4 40. bxc4 Kd4 41. Ke2 Bg5 0-1

[Event "4NCL Online Division 7"]
[Site "online"]
[Date "2021.02.23"]
[EventDate "2021.02.23"]
[Round "3.181"]
[White "Phillips, David"]
[WhiteElo "1410"]
[WhiteTeam "MK Phoenix 5"]
[Black "Davies, Owain"]
[BlackElo "1923"]
[BlackTeam "Aberystwyth University 1"]
[Result "0-1"]
[PlyCount "122"]

1. e4 c5 2. Nf3 Nc6 3. Bb5 g6 4. d3 Bg7 5. Nc3 a6 6. Bxc6 dxc6 7. O-O Qc7 8. h3 e5 9. Be3 b6 10. Qd2 Ne7 11. a3 O-O 12. Ng5 h6 13. Nf3 Kh7 14. Ne2 f5 15. Qd1 f4 16. Bd2 Be6 17. c4 Rad8 18. Qc2 g5 19. b4 g4 20. hxg4 Bxg4 21. bxc5 bxc5 22. Bc3 Bxf3 23. gxf3 Qd6 24. Rfd1 Qg6+ 25. Kf1 Qh5 26. Ba5 Rd6 27. Ng1 Rg6 28. Ke2 Qh2 29. Bb6 Rb8 30. Bxc5 Rg2 31. Kd2 Bf6 32. Kc3 Bh4 33. Rf1 Rbg8 34. Ne2 Qh3 35. Rh1 Rh2 36. Ng1 Rxh1 37. Nxh3 Rxa1 38. Bb4 Rh1 39. Bxe7 Bxe7 40. Qa4 Rxh3 41. Qxc6 Rh5 42. Qd7 Rg7 43. Qa4 Rhg5 44. Qxa6 Bc5 45. a4 h5 46. Qe6 Bd4+ 47. Kb3 R5g6 48. Qh3 Kh6 49. Qc8 Bxf2 50. Qh8+ Kg5 51. Qd8+ Rf6 52. a5 Bd4 53. a6 Kg6 54. Qa5 Rb6+ 55. Ka4 Ra7 56. Qxb6+ Bxb6 57. Kb5 Bd4 58. c5 Bxc5 59. Kxc5 Rxa6 60. Kd5 Ra5+ 61. Ke6 h4 0-1